|
|
|
|
| LEADER |
00881nam a2200217 a 4500 |
| 001 |
4371059 |
| 008 |
100704s1990 sw 000 0 eng d |
| 010 |
|
|
|a 90200943
|
| 020 |
|
|
|a 9185214167
|
| 040 |
|
|
|a DLC
|c DLC
|d BD-DhAAL
|
| 082 |
0 |
0 |
|a 341.23
|2 20
|
| 100 |
1 |
|
|a Urquhart, Brian.
|
| 245 |
1 |
2 |
|a A world in need of leadership :
|b tomorrow's United Nations /
|c Brian Urquhart, Erskine Childers.
|
| 260 |
|
|
|a Uppsala, Sweden :
|b Dag Hammarskjöld Foundation ;
|a New York, NY, USA :
|b Ford Foundation [distributor],
|c 1990.
|
| 300 |
|
|
|a 111 p. ;
|c 25 cm.
|
| 541 |
1 |
|
|e 00004091
|
| 610 |
2 |
0 |
|a United Nations.
|
| 700 |
1 |
|
|a Childers, Erskine.
|
| 852 |
4 |
|
|a Ayesha Abed Library
|j General shelf
|
| 999 |
|
|
|c 9171
|d 9171
|
| 952 |
|
|
|0 0
|1 0
|2 ddc
|4 0
|6 341_230000000000000_URQ_1990
|7 0
|9 11511
|a BRACUL
|b BRACUL
|c GEN
|d 2010-07-04
|g 0.00
|l 0
|o 341.23 URQ
|p 3010004091
|r 2010-07-04
|t 1
|w 2010-07-04
|y BK
|z Not price in Register
|